000 00438nam a2200145 a 4500
999 _c10897
_d10897
020 _a0074517724 (hardcover)
020 _a9780074517727 (hardcover)
100 1 _aMahajan, S.P.
245 1 0 _aPollution Control in Process Industries /
260 _a[S.l.] :
_bMcGraw-Hill Inc.,US,
_c2004.
300 _a260 p. ;
650 _aPollution Control
856 4 0 _uhttp://www.amazon.com/exec/obidos/ASIN/0074517724/chopaconline-20
942 _cBK